| 000 | 02175cam a22004817a 4500 | ||
|---|---|---|---|
| 999 |
_c21682 _d21682 |
||
| 001 | 13913182 | ||
| 005 | 20170123083104.0 | ||
| 008 | 050328s2004 enka e bc 000 0deng d | ||
| 010 | _a 2005297318 | ||
| 015 |
_2bnb _aGBA463934 |
||
| 016 | 7 |
_a012981837 _2Uk |
|
| 020 | _a0856675970 (hbk.) | ||
| 020 | _a1882507134 (pbk.) | ||
| 035 | _a(OCoLC)ocm56646075 | ||
| 040 |
_aUKM _cUKM _dBWKUK _dOCLCQ _dDLC |
||
| 041 | 1 |
_aeng _hger |
|
| 042 | _alccopycat | ||
| 043 | _ae-gx--- | ||
| 050 | 0 | 0 |
_aN7193 _b.C5A41 2004 |
| 100 | 1 | _aRonte, Dieter. | |
| 245 | 1 | 0 |
_aChristo and Jeanne-Claude : _bthe Würth Museum collection / _cessay, Dieter Ronte ; translated by Michael Foster ; curator, Sonja Klee. |
| 246 | 0 |
_iSubtitle on jacket: _aInternational projects |
|
| 260 |
_aLondon : _bPhilip Wilson Publishers ; _aWashington, D.C. : _bIn Association with the Trust for Museum Exhibitions ; _aLondon : _bDistributed in Europe by I.B. Tauris ; _aNew York : _bDistributed in the U.S. by Palgrave Macmillan, _cc2004. |
||
| 300 |
_a128 p. : _bill. (some col.) ; _c28 cm. |
||
| 500 | _aCatalog of a traveling exhibition first shown at the National Academy of Design, New York, in 2004. | ||
| 504 | _aIncludes bibliographical references (p. 125-128). | ||
| 600 | 0 | 0 |
_aChristo, _d1935- _vExhibitions. |
| 600 | 0 | 0 |
_aJeanne-Claude, _d1935-2009 _vExhibitions. |
| 610 | 2 | 0 |
_aMuseum Würth _vExhibitions. |
| 650 | 0 |
_aConceptual art _vExhibitions. |
|
| 650 | 0 |
_aArt _zGermany _zKünzelsau _vExhibitions. |
|
| 650 | 0 | _aArtistic collaboration. | |
| 700 | 0 |
_aChristo, _d1935- |
|
| 700 | 0 |
_aJeanne-Claude, _d1935-2009. |
|
| 710 | 2 | _aMuseum Würth. | |
| 710 | 2 | _aNational Academy (U.S.) | |
| 856 | 4 | 2 |
_3Contributor biographical information _uhttp://www.loc.gov/catdir/enhancements/fy0627/2005297318-b.html |
| 856 | 4 | 2 |
_3Publisher description _uhttp://www.loc.gov/catdir/enhancements/fy0627/2005297318-d.html |
| 942 |
_2lcc _cBOOKS _hN7193 .C5A41 2004 |
||